<?xml version="1.0" encoding="UTF-8"?><?xml-stylesheet type="text/xsl" href="static/style.xsl"?><OAI-PMH xmlns="http://www.openarchives.org/OAI/2.0/" xmlns:xsi="http://www.w3.org/2001/XMLSchema-instance" xsi:schemaLocation="http://www.openarchives.org/OAI/2.0/ http://www.openarchives.org/OAI/2.0/OAI-PMH.xsd"><responseDate>2026-04-17T01:48:18Z</responseDate><request verb="GetRecord" identifier="oai:www.recercat.cat:10459.1/467752" metadataPrefix="marc">https://recercat.cat/oai/request</request><GetRecord><record><header><identifier>oai:recercat.cat:10459.1/467752</identifier><datestamp>2025-09-15T18:52:35Z</datestamp><setSpec>com_2072_3622</setSpec><setSpec>col_2072_479130</setSpec></header><metadata><record xmlns="http://www.loc.gov/MARC21/slim" xmlns:dcterms="http://purl.org/dc/terms/" xmlns:xsi="http://www.w3.org/2001/XMLSchema-instance" xmlns:doc="http://www.lyncode.com/xoai" xsi:schemaLocation="http://www.loc.gov/MARC21/slim http://www.loc.gov/standards/marcxml/schema/MARC21slim.xsd">
   <leader>00925njm 22002777a 4500</leader>
   <datafield ind2=" " ind1=" " tag="042">
      <subfield code="a">dc</subfield>
   </datafield>
   <datafield ind2=" " ind1=" " tag="720">
      <subfield code="a">Mina Riera, Núria</subfield>
      <subfield code="e">author</subfield>
   </datafield>
   <datafield ind2=" " ind1=" " tag="260">
      <subfield code="c">2025</subfield>
   </datafield>
   <datafield ind2=" " ind1=" " tag="520">
      <subfield code="a">Drawing on literary animal studies theory, ecopoetry and material ecocriticism, and following Shapiro and Copeland’s (2005) analysis criteria, this article examines Lorna Crozier’s depiction of non-human animals in her poems. The corpus consists of the poetry and photography collections The Wild in You (2015) and The House the Spirit Builds (2019), and the prose poetry collection God of Shadows (2018). I contend that Crozier criticises the human abuse of the nonhuman world; proposes ways for humans to discard anthropocentrism in favour of biocentrism; and grants saliency to insects, rodents, amphibians, and reptiles as animal species that have usually been despised in the West.</subfield>
   </datafield>
   <datafield ind2=" " ind1=" " tag="520">
      <subfield code="a">Partiendo de la teoría de los estudios literarios sobre animales, la ecopoesía y la ecocrítica material, y según los criterios de análisis de Shapiro y Copeland (2005), este artículo examina la representación de los animales no humanos en la poesía de Lorna Crozier. El corpus abarca los volúmenes de poesía y fotografía The Wild in You (2015) y The House the Spirit Builds (2019), así como el volumen de prosa poética God of Shadows (2018). Sostengo que Crozier critica el maltrato al mundo no humano; propone nuevas formas de dejar atrás el antropocentrismo en favor del biocentrismo; y otorga visibilidad a insectos, roedores, anfibios y réptiles en tanto que especies a menudo menospreciadas en occidente.</subfield>
   </datafield>
   <datafield tag="653" ind2=" " ind1=" ">
      <subfield code="a">Lorna Crozier</subfield>
   </datafield>
   <datafield tag="653" ind2=" " ind1=" ">
      <subfield code="a">Ecopoetry</subfield>
   </datafield>
   <datafield tag="653" ind2=" " ind1=" ">
      <subfield code="a">Critique of Animal Abuse</subfield>
   </datafield>
   <datafield tag="653" ind2=" " ind1=" ">
      <subfield code="a">Superiority of Nonhuman Animals</subfield>
   </datafield>
   <datafield tag="653" ind2=" " ind1=" ">
      <subfield code="a">Biocentrism</subfield>
   </datafield>
   <datafield tag="653" ind2=" " ind1=" ">
      <subfield code="a">Critique of Speciesism</subfield>
   </datafield>
   <datafield tag="653" ind2=" " ind1=" ">
      <subfield code="a">Ecopoesía</subfield>
   </datafield>
   <datafield tag="653" ind2=" " ind1=" ">
      <subfield code="a">Crítica del maltrato animal</subfield>
   </datafield>
   <datafield tag="653" ind2=" " ind1=" ">
      <subfield code="a">Superioridad de los animales no humanos</subfield>
   </datafield>
   <datafield tag="653" ind2=" " ind1=" ">
      <subfield code="a">Biocentrismo</subfield>
   </datafield>
   <datafield tag="653" ind2=" " ind1=" ">
      <subfield code="a">Crítica al especismo</subfield>
   </datafield>
   <datafield ind2="0" ind1="0" tag="245">
      <subfield code="a">“How Much They Can Teach us”: Lorna Crozier’s Portrayal of NonHuman Animals</subfield>
   </datafield>
   <datafield ind2="0" ind1="0" tag="245">
      <subfield code="a">“Cuánto nos pueden enseñar”: La representación de los animales no humanos en la poesía de Lorna Crozier</subfield>
   </datafield>
</record></metadata></record></GetRecord></OAI-PMH>